000 00491nam a2200181Ia 4500
005 20250508152200.0
008 008 250505s9999 xx 000 0 eng d
037 _aTextual
040 _aFEDL
_beng
_cFEDL
041 _aeng
_2eng
084 _a530.1, WIC
_qFEDL
100 _aWicksteed Philip H
245 0 _aAristotle the physics
260 _aLondon, UK
_bWilliam Heinemann Limited
_c1957
300 _a427p.
942 _cTEXL
_h530.1, WIC
999 _c1334811
_d1334811